使徒保羅與保羅神學 (Record no. 48038)
[ view plain ]
| 000 -LEADER | |
|---|---|
| fixed length control field | 00901nam a2200229Ia 4500 |
| 008 - FIXED-LENGTH DATA ELEMENTS--GENERAL INFORMATION | |
| fixed length control field | 230916s9999 xx 000 0 und d |
| 020 ## - INTERNATIONAL STANDARD BOOK NUMBER | |
| International Standard Book Number | 97896251324649625132465 |
| 041 ## - LANGUAGE CODE | |
| Language code of text/sound track or separate title | chi |
| Language code of original | eng |
| 050 ## - LIBRARY OF CONGRESS CALL NUMBER | |
| Classification number | BS2651 |
| Item number | .B78 2002 |
| 100 ## - MAIN ENTRY--PERSONAL NAME | |
| Personal name | Bruce, Frederick F. |
| 245 #0 - TITLE STATEMENT | |
| Title | 使徒保羅與保羅神學 |
| Remainder of title | / |
| Statement of responsibility, etc. | 弗雷德里·布魯斯 (Frederick F. Bruce) , 約翰·韋伯斯特 (John H. Webster) , 約翰·格斯納 (John H. Gerstner) 著; 陳秀媚譯 |
| 246 ## - VARYING FORM OF TITLE | |
| Title proper/short title | 使徒保罗与保罗神学 |
| Remainder of title | / |
| 260 ## - PUBLICATION, DISTRIBUTION, ETC. | |
| Place of publication, distribution, etc. | 香港 : |
| Name of publisher, distributor, etc. | 國際聖經協會, |
| Date of publication, distribution, etc. | 2002 |
| 300 ## - PHYSICAL DESCRIPTION | |
| Extent | 136 p. |
| Other physical details | ; |
| Dimensions | 19 cm. |
| 490 ## - SERIES STATEMENT | |
| Series statement | 國際聖經百科全書 |
| 500 ## - GENERAL NOTE | |
| General note | Translation of : Paul the Apostle and Pauline Theology. |
| 650 ## - SUBJECT ADDED ENTRY--TOPICAL TERM | |
| Topical term or geographic name entry element | Paul, the Apostle, Saint.Paul, the Apostle, Saint -- Theology. |
| 700 ## - ADDED ENTRY--PERSONAL NAME | |
| Personal name | Gerstner, John H. |
| 700 ## - ADDED ENTRY--PERSONAL NAME | |
| Personal name | Webster, John H. |
| 700 ## - ADDED ENTRY--PERSONAL NAME | |
| Personal name | 弗雷德里·布魯斯陳秀媚 |
No items available.